[Event "CZE-ch"]
[Site "?"]
[Date "1994.??.??"]
[Round "3"]
[White "Stocek, Jiri"]
[Black "Blatny, Pavel"]
[Result "1-0"]
[WhiteElo "2305"]
[BlackElo "2525"]

1.d4 Nf6 2.c4 d6 3.Nc3 Nbd7 4.Nf3 e5 5.e4 c6 6.Be2 Be7 7.O-O Qc7 8.b3 Nf8
9.Bb2 Ng6 10.Qd2 O-O 11.Rfd1 Bg4 12.h3 Bxf3 13.Bxf3 h6 14.g3 Rad8 15.d5 Nh7
16.Qe2 Bf6 17.dxc6 bxc6 18.c5 dxc5 19.Na4 Be7 20.Rac1 Ng5 21.Bg4 Rxd1+ 22.Rxd1 Rd8
23.Rxd8+ Qxd8 24.h4 Nh7 25.h5 Ngf8 26.Bxe5 Bf6 27.Bf4 Bd4 28.Nb2 Nf6 29.Nc4 Qe7
30.Bf3 Ne6 31.Bd6 Qe8 32.Kg2 Ng5 33.e5 Nxf3 34.Qxf3 Nd5 35.Qf5 Nc3 36.a4 Nd1
37.f4 Nc3 38.Kf3 Nd5 39.Kg2 Kh8 40.Kf3 Kg8 41.g4 g6 42.Qc2 Nb4 43.Qe4 gxh5
44.gxh5 Qe6 45.f5 Qd5 46.Qxd5 cxd5 47.Ne3 a5 48.e6 fxe6 49.fxe6 Bxe3 50.Kxe3 Nc2+
51.Kf4 c4 52.bxc4 dxc4 53.Ke4 Kg7 54.Bc7 Kf6 55.Bxa5 Kxe6 56.Bd2 Na1 57.Bxh6 c3
58.Kd3 Nb3 59.Be3  1-0

[Event "CZE-ch"]
[Site "?"]
[Date "1994.??.??"]
[Round "4"]
[White "Blatny, Pavel"]
[Black "Michalek, Jan"]
[Result "1-0"]
[WhiteElo "2525"]
[BlackElo "2290"]

1.Nf3 Nf6 2.b3 g6 3.Bb2 Bg7 4.g3 O-O 5.Bg2 c5 6.O-O d6 7.c4 e5 8.Nc3 Nc6
9.d3 Ne8 10.e3 Nc7 11.Qd2 Ne6 12.Rad1 f5 13.Ne2 g5 14.d4 g4 15.Nxe5 Nxe5
16.dxe5 dxe5 17.Qxd8 Rxd8 18.Bd5 Kh8 19.Rd2 Ng5 20.Rfd1 Rb8 21.h4 gxh3 22.f4 exf4
23.Bxg7+ Kxg7 24.gxf4 Ne6 25.Ng3 Kf6 26.Rh2 b6 27.Rxh3 Nf8 28.Kf2 b5 29.Rg1 bxc4
30.Rh6+  1-0

[Event "CZE-ch"]
[Site "?"]
[Date "1994.??.??"]
[Round "5"]
[White "Blatny, Pavel"]
[Black "Trapl, Jindrich"]
[Result "1-0"]
[WhiteElo "2525"]
[BlackElo "2375"]

1.Nf3 Nf6 2.b3 g6 3.Bb2 Bg7 4.g3 O-O 5.Bg2 c5 6.c4 d6 7.O-O e5 8.Nc3 Nc6
9.e3 Re8 10.d3 h6 11.Qd2 Be6 12.Rac1 Nh7 13.d4 Bg4 14.dxc5 dxc5 15.Ne4 Qxd2
16.Nfxd2 Rad8 17.h3 Bc8 18.Rfd1 Nb4 19.Nxc5 b6 20.a3 Na2 21.Rc2 bxc5 22.Ra1 Bf5
23.e4 Bc8 24.Rxa2 Ng5 25.h4 Ne6 26.Bh3 f5 27.Kf1 Nd4 28.Bxd4 exd4 29.exf5 d3
30.Rc1 h5 31.Rd1 Re2 32.Re1 Rde8 33.Nf3 R2e4 34.Rxe4 Rxe4 35.Rd2 gxf5 36.Rxd3 Re8
37.Ne1 Bd4 38.Nc2 Bg7 39.Ne1 Rf8 40.Ng2 Bb7 41.Nf4 Be4 42.Rd7 Rb8 43.Ne6 Bd4
44.Nxd4 cxd4 45.b4 a5 46.b5 Bd3+ 47.Kg1 Bxc4 48.Rxd4 Bxb5 49.Bxf5 Re8 50.Be4 Kg7
51.Kg2 Re5 52.Kf3  1-0

[Event "CZE-ch"]
[Site "?"]
[Date "1994.??.??"]
[Round "7"]
[White "Blatny, Pavel"]
[Black "Rasik, Vitezslav"]
[Result "1/2-1/2"]
[WhiteElo "2525"]
[BlackElo "2425"]

1.Nf3 d6 2.b3 e5 3.d3 g6 4.Bb2 Bg7 5.g3 f5 6.c4 Nf6 7.Bg2 O-O 8.O-O Nc6 9.Nc3 h6
10.Qd2 g5 11.h3 Rb8 12.Kh2 Ne7 13.e3 Ng6 14.Ng1 c6 15.f4 g4 16.Nge2 Nh5 17.Rh1 gxh3
18.Bxh3 Bd7 19.Raf1 exf4 20.Nxf4 Qg5 21.Nce2 Ne5 22.Nxh5 Qxh5 23.Nf4 Qg5
24.Rf2 Rbe8 25.Rhf1 h5 26.d4 Ng4+ 27.Bxg4 fxg4 28.Ng2 d5 29.Ba3 Rf3 30.Rxf3 gxf3
31.Rxf3 Bf5 32.Rf1 Qg4 33.Nf4 h4 34.Rg1 Re6 35.gxh4 Qxh4+ 36.Kg2 Rf6 37.Kf1 dxc4
38.bxc4 Be4 39.Qf2 Bd3+ 40.Ke1 Qxf2+ 41.Kxf2 Bxc4 42.Bb2 Kf7 43.a3 Rf5 44.Rh1 Rb5
45.Bc3 c5 46.Rc1 cxd4 47.Bxd4  1/2-1/2

[Event "CZE-ch"]
[Site "?"]
[Date "1994.??.??"]
[Round "8"]
[White "Mozny, Milos"]
[Black "Blatny, Pavel"]
[Result "1/2-1/2"]
[WhiteElo "2405"]
[BlackElo "2525"]

1.d4 d5 2.Nf3 Nf6 3.c4 c6 4.cxd5 cxd5 5.Nc3 Nc6 6.Bf4 Bf5 7.e3 e6 8.Ne5 Bb4
9.Nxc6 bxc6 10.Bd3 Ne4 11.O-O Bxc3 12.Bxe4 Bxe4 13.bxc3 O-O 14.Qe2 Qa5 15.Rfc1 Qb5
16.c4 dxc4 17.Qxc4 Rac8 18.a4 Qf5 19.f3 Bd3 20.Qc5 f6 21.Qxf5 Bxf5 22.Rc5 Bg6
23.Rac1 Be8 24.Rb1 Rf7 25.Ra5 c5 26.dxc5 e5 27.Bg3 Rfc7 28.Be1 Ra8 29.Ra6 Rxc5
30.e4 Rc6 31.Rxc6 Bxc6 32.a5 a6 33.Kf2 Bb5 34.Rc1 Rd8 35.g4 Rd7 36.h4 Kf7
37.h5 g6 38.hxg6+ hxg6 39.Kg3 Ke6 40.Rc3 Rd1 41.Bf2 Rd2 42.Rc7 f5 43.gxf5+ gxf5
44.exf5+ Kxf5 45.Rf7+ Ke6 46.Rf8 Ra2 47.Bb6 Ra3 48.Kf2 Rc3 49.Be3 Ra3 50.Bb6 Bc6
51.Bd8 Ra2+ 52.Kg3 Bb5 53.Rf6+ Kd7 54.Bb6 Bf1 55.Kg4 Ke7 56.Rh6 Bd3 57.Kg3  1/2-1/2

[Event "CZE-chT"]
[Site "?"]
[Date "1994.??.??"]
[Round "?"]
[White "Blatny, Pavel"]
[Black "Hausner, Ivan"]
[Result "0-1"]
[WhiteElo "2525"]
[BlackElo "2480"]

1.e4 c5 2.c3 d5 3.exd5 Qxd5 4.d4 e5 5.dxe5 Qxd1+ 6.Kxd1 Nc6 7.f4 f6 8.exf6 Nxf6
9.Nf3 Bf5 10.Bd2 O-O-O 11.Bb5 Bd6 12.Kc1 Rhe8 13.Re1 Be4 14.Na3 Bxf3 15.Rxe8 Rxe8
16.gxf3 Bxf4 17.Kc2 Bxd2 18.Kxd2 Rd8+ 19.Ke1 Ne5 20.Be2 Nd3+ 21.Bxd3 Rxd3
22.Ke2 Rd5 23.Nc4 Rh5 24.Rh1 Kd7 25.Kf2 b5 26.Ne3 Kc6 27.Kg3 Re5 28.Kf2 Nd5
29.Ng2 c4 30.Re1 Rxe1 31.Kxe1 Kd6 32.Kd2 Ke5 33.b3 cxb3 34.axb3 a5 35.Kd3 a4
36.bxa4 bxa4 37.Kc2 Nb6 38.Kd3 a3 39.Kc2 Na4 40.Kb3 a2 41.Kxa2 Nxc3+ 42.Kb3 Ne2
43.Kc4 Ng1 44.Ne1 g5 45.Nd3+ Kf5 46.f4 g4 47.Kd4 Nf3+ 48.Ke3 Nxh2 49.Kf2 Nf3
50.Nb4 Kxf4 51.Nd5+ Kg5 52.Kg3 h5 53.Nc3 h4+ 54.Kg2 Ne1+ 55.Kf2 Nd3+ 56.Kg2 Kf5
57.Nd1 Kf4 58.Nc3 h3+ 59.Kh2 Kf3 60.Nb5 g3+ 61.Kxh3 Nf4+  0-1

[Event "CZE-chT"]
[Site "?"]
[Date "1994.??.??"]
[Round "?"]
[White "Blatny, Pavel"]
[Black "Jirovsky, Milos"]
[Result "0-1"]
[WhiteElo "2525"]
[BlackElo "2410"]

1.d4 d5 2.Nf3 Nf6 3.Bf4 c5 4.c3 Qb6 5.Qb3 Nc6 6.e3 c4 7.Qc2 Bf5 8.Qc1 e6
9.Be2 h6 10.Nbd2 Rc8 11.O-O Be7 12.Ne5 O-O 13.f3 Nxe5 14.Bxe5 Nd7 15.Bg3 e5
16.e4 exd4 17.Bf2 Bg6 18.exd5 Qd6 19.cxd4 Nb6 20.Ne4 Qxd5 21.Nc3 Qa5 22.f4 Rfe8
23.Bf3 Bd3 24.Re1 Bf6 25.Bxb7 Rxe1+ 26.Qxe1 Rd8 27.d5 Qb4 28.Qc1 Na4 29.Nxa4 Qxb7
30.Nc3 Rb8 31.d6 Rd8 32.Bc5 a6 33.Qd2 Re8 34.Re1 Rxe1+ 35.Qxe1 Qxb2 36.Nd5 Bd4+
37.Bxd4 Qxd4+ 38.Ne3 Qxd6 39.g3 Qd4 40.Kf2 Qb2+ 41.Kf3 c3  0-1

[Event "CZE-chT"]
[Site "?"]
[Date "1994.??.??"]
[Round "?"]
[White "Votava, Jan"]
[Black "Blatny, Pavel"]
[Result "1-0"]
[WhiteElo "2410"]
[BlackElo "2525"]

1.e4 Nc6 2.d4 d6 3.Nf3 Bg4 4.d5 Nb8 5.Nc3 Nf6 6.Be3 g6 7.Qd2 Bxf3 8.gxf3 Bg7
9.Bc4 O-O 10.O-O-O Nbd7 11.h4 Nh5 12.f4 f5 13.e5 Kh8 14.Be2 dxe5 15.Bxh5 gxh5
16.fxe5 Nxe5 17.Bh6 Bxh6 18.Qxh6 Qd6 19.Qxh5 Nc4 20.Rd4 Nxb2 21.Qe2 Qc5 22.Qe5+ Rf6
23.Kxb2  1-0

[Event "BL2-N9394"]
[Site "Germany"]
[Date "1994.??.??"]
[Round "?"]
[White "Blatny, Pavel"]
[Black "Joecks, Christian"]
[Result "1-0"]
[WhiteElo "2525"]
[BlackElo "2340"]

1.Nf3 Nf6 2.b3 g6 3.Bb2 Bg7 4.g3 O-O 5.Bg2 d6 6.d3 e5 7.Nbd2 Nc6 8.O-O h6
9.e4 Be6 10.h3 Nh7 11.Kh2 Qd7 12.Qe2 Rae8 13.Rae1 f5 14.Nh4 Ne7 15.exf5 gxf5
16.f4 Bd5 17.fxe5 dxe5 18.Nc4 Bxc4 19.bxc4 Ng5 20.Ba3 Rf6 21.Qh5 f4 22.gxf4 exf4
23.Bd5+ Kh7 24.Nf3 Rg6 25.Rg1 Nxf3+ 26.Bxf3 Rg3 27.Bg4 Qd4 28.Bf5+  1-0

[Event "BL2-N9394"]
[Site "Germany"]
[Date "1994.??.??"]
[Round "?"]
[White "Blatny, Pavel"]
[Black "Tomczak, Rainer"]
[Result "1-0"]
[WhiteElo "2510"]
[BlackElo "2350"]

1.d4 d6 2.g3 g6 3.Bg2 Bg7 4.e4 e5 5.dxe5 dxe5 6.Qxd8+ Kxd8 7.b3 Nc6 8.Bb2 Nd4
9.Na3 c6 10.O-O-O Kc7 11.Nc4 c5 12.Nf3 Bg4 13.Rd3 f6 14.c3 Bxf3 15.Bxf3 Nxf3
16.Rxf3 Ne7 17.Kc2 Rad8 18.Ne3 Rhf8 19.c4 Rd7 20.Bc3 Nc6 21.g4 Nd4+ 22.Bxd4 Rxd4
23.Re1 Kc6 24.Nd5 Rf7 25.g5 Kd6 26.gxf6 Bh8 27.Rh3 Bxf6 28.f4 Bd8 29.Rf3 exf4
30.Rxf4 Rxf4 31.Nxf4 Bf6 32.Nd3 Be5 33.Re2 g5 34.h3 h5 35.Rg2 Rxe4 36.Rxg5 Bd4
37.Rd5+ Kc6 38.b4 b5 39.bxc5 bxc4 40.Nb4+ Kc7 41.c6 Be5 42.Rd7+ Kb6 43.Rb7+ Kc5
44.a3 a5 45.c7 Bxc7 46.Rxc7+ Kd6 47.Na6 Re2+ 48.Kd1 Re3 49.Rxc4 Rxh3 50.a4 Rg3
51.Nc7 Rg4 52.Nb5+ Kd7 53.Rxg4 hxg4 54.Nd4  1-0

[Event "BL2-N9394"]
[Site "Germany"]
[Date "1994.??.??"]
[Round "?"]
[White "Blatny, Pavel"]
[Black "Berndt, Stephan"]
[Result "1-0"]
[WhiteElo "2525"]
[BlackElo "2330"]

1.Nf3 Nf6 2.b3 g6 3.Bb2 Bg7 4.g3 O-O 5.Bg2 d6 6.O-O e5 7.d3 Nc6 8.c4 h6 9.Nc3 Re8
10.Qd2 Be6 11.e4 Nh7 12.Rae1 Ng5 13.Kh1 Nxf3 14.Bxf3 Nd4 15.Bg2 c6 16.f4 exf4
17.gxf4 f5 18.Re3 Kh7 19.Ne2 Qb6 20.Nxd4 Bxd4 21.Rg3 Rg8 22.Bh3 Rae8 23.Qg2 Ref8
24.Re1 Rg7 25.exf5 Bxf5 26.Bxf5 Rxf5 27.Rxg6 Bxb2 28.Rxg7+ Bxg7 29.Qe4 Kg6
30.Rg1+ Kf6 31.Qe8 Qxg1+ 32.Kxg1 Rxf4 33.Qd7  1-0

[Event "BL2-N9394"]
[Site "Germany"]
[Date "1994.??.??"]
[Round "?"]
[White "Kalinitschew, Sergey"]
[Black "Blatny, Pavel"]
[Result "1-0"]
[WhiteElo "2495"]
[BlackElo "2525"]

1.d4 Nf6 2.Nf3 e6 3.c4 d5 4.Nc3 c6 5.cxd5 exd5 6.Qc2 Be7 7.Bf4 g6 8.e3 Bf5
9.Bd3 Bxd3 10.Qxd3 O-O 11.O-O Nbd7 12.Rab1 a5 13.Rfc1 Ra6 14.h3 Re8 15.Nd2 a4
16.Rc2 Nb6 17.b4 axb3 18.Rxb3 Nfd7 19.a4 Qa8 20.Rcb2 Bd8 21.e4 Ra5 22.Bd6 Re6
23.Qg3 dxe4 24.Ndxe4 Nc4 25.Rxb7 Nxb2 26.Rxb2 Bb6 27.Nc5 Bxc5 28.dxc5 Re8
29.Qg5 Kg7 30.Qf4 Qa7 31.Qd4+ f6 32.Rb6 Nxb6 33.cxb6 Qd7 34.Bf8+  1-0

[Event "Jakarta"]
[Site "Jakarta"]
[Date "1994.??.??"]
[Round "3"]
[White "Sitanggang, Salor"]
[Black "Blatny, Pavel"]
[Result "1-0"]
[WhiteElo "2390"]
[BlackElo "2525"]

1.d4 Nf6 2.Nf3 d6 3.c4 g6 4.Nc3 Bf5 5.Bg5 Bg7 6.e3 O-O 7.Be2 Ne4 8.Nxe4 Bxe4
9.O-O h6 10.Bf4 c5 11.Nd2 Bc6 12.d5 Be8 13.e4 e5 14.Be3 f5 15.f3 f4 16.Bf2 Nd7
17.a3 Nf6 18.b4 b6 19.bxc5 bxc5 20.Rb1 Bd7 21.Nb3 g5 22.Qd2 Qe8 23.Na5 Qg6
24.Nc6 Rf7 25.Rb8+ Rxb8 26.Nxb8 Be8 27.Nc6 Bf8 28.Rb1 g4 29.Bh4 Rg7 30.Bxf6 Qxf6
31.fxg4 h5 32.g5 Qxg5 33.Bf3 h4 34.Rb8 Bd7 35.Nd8 h3 36.Ne6 Bxe6 37.dxe6 Qh4
38.Qd1 Qe7 39.Bg4 Qh4 40.e7 Qxe7 41.Bxh3 Rg6 42.Bf5 Rh6 43.Qg4+ Kh8 44.h4 a5
45.Qg5 Qg7 46.Rd8 Qf6 47.a4 d5 48.exd5 Qg7 49.Ra8 e4 50.Bxe4 Qd4+ 51.Kh2 Qg7
52.Qxg7+ Kxg7 53.Ra7+ Kf6 54.Kh3 Ke5 55.Bf3 Kd4 56.d6 Bxd6 57.Bd5 Rg6 58.h5 Rg3+
59.Kh4 Bf8 60.Rh7 Bg7 61.Rxg7 Rxg7 62.h6 Re7 63.Kg5 Re5+ 64.Kg4 f3 65.gxf3 Re2
66.f4 Rh2 67.Kg5 Rh3 68.Be6 Rh2 69.Bf7 Rg2+ 70.Kf6 Rh2 71.Kg7 Rg2+ 72.Bg6 Kxc4
73.h7  1-0

[Event "Jakarta"]
[Site "Jakarta"]
[Date "1994.??.??"]
[Round "4"]
[White "Blatny, Pavel"]
[Black "Liu Dede"]
[Result "1-0"]
[WhiteElo "2525"]
[BlackElo "2320"]

1.Nf3 Nf6 2.b3 d5 3.Bb2 Bf5 4.g3 e6 5.Bg2 Nbd7 6.d3 Be7 7.Nbd2 h6 8.O-O a5
9.a4 O-O 10.e3 c6 11.Qe2 Nc5 12.Rae1 Bh7 13.Ne5 Nfd7 14.Nxd7 Nxd7 15.e4 Bb4
16.Qd1 Qb6 17.Re2 f5 18.exd5 exd5 19.Re6 Qc7 20.Nf3 Rf7 21.Qa1 f4 22.g4 Nf8
23.Re2 Re7 24.Rxe7 Qxe7 25.Bc3 Bd6 26.h4 Qd7 27.Bh3 h5 28.Kh2 hxg4 29.Bxg4 Qe7
30.Re1 Qf7 31.Rg1 c5 32.Bxg7 Qxg7 33.Bf5 Bg6 34.Qxg7+ Kxg7 35.Bxg6 Nxg6 36.h5 Be7
37.Rxg6+ Kf7 38.Ne5+ Kf8 39.h6  1-0

[Event "Jakarta"]
[Site "Jakarta"]
[Date "1994.??.??"]
[Round "8"]
[White "Xie Jun"]
[Black "Blatny, Pavel"]
[Result "1-0"]
[WhiteElo "2515"]
[BlackElo "2525"]

1.e4 d6 2.d4 Nf6 3.f3 c6 4.Be3 Qc7 5.Nc3 e5 6.a4 Be7 7.Bc4 O-O 8.Nge2 b6
9.O-O Ba6 10.Bxa6 Nxa6 11.Ng3 Rfe8 12.Qd2 Rad8 13.d5 cxd5 14.Nxd5 Nxd5 15.Qxd5 Nb4
16.Qb3 d5 17.c3 Nd3 18.Rad1 Qc4 19.Qc2 dxe4 20.b3 Qa6 21.Nxe4 Rd7 22.Rd2 Rc8
23.Rfd1 Nb4 24.Qb1 Rxd2 25.Rxd2 Nc6 26.Qd1 Rc7 27.Nd6 Bf8 28.b4 Ne7 29.a5 b5
30.Bc5 Qc6 31.Ne4 Ng6 32.Rd8 f5 33.Qb3+ Kh8 34.Bxf8 Rd7  1-0

[Event "Lazne Bohdanec"]
[Site "Lazne Bohdanec"]
[Date "1994.??.??"]
[Round "4"]
[White "Blatny, Pavel"]
[Black "Rogers, Ian"]
[Result "0-1"]
[WhiteElo "2525"]
[BlackElo "2565"]

1.Nf3 Nf6 2.c4 c5 3.b3 e6 4.Bb2 d5 5.e3 Nc6 6.Be2 d4 7.exd4 cxd4 8.d3 e5
9.a3 a5 10.O-O Bd6 11.Nbd2 O-O 12.Ne1 Bf5 13.Bf3 Qd7 14.Ne4 Nxe4 15.dxe4 Be6
16.Qc2 b6 17.Nd3 Rfc8 18.a4 Nb4 19.Qe2 Nxd3 20.Qxd3 Rf8 21.g3 Rad8 22.Bg2 Qc7
23.Rae1 f6 24.h4 g5 25.Bc1 Qg7 26.Kh2 Kh8 27.Bh3 Bxh3 28.Kxh3 Bb4 29.Re2 Qd7+
30.g4 h5 31.f3 Rg8 32.Rh1 gxh4 33.Rg2 Rg6 34.Kxh4 Rdg8 35.Qd1 hxg4 36.Rxg4 R8g7
37.Kg3+ Kg8 38.Rh4 d3 39.Bh6 Rxg4+ 40.fxg4 Rh7 41.g5 fxg5 42.Rh5 d2 43.Kg2 Be7
44.Rh1 Qc6 45.Qh5 Rxh6  0-1

[Event "Lazne Bohdanec"]
[Site "Lazne Bohdanec"]
[Date "1994.??.??"]
[Round "9"]
[White "Keitlinghaus, Ludger"]
[Black "Blatny, Pavel"]
[Result "1/2-1/2"]
[WhiteElo "2510"]
[BlackElo "2525"]

1.e4 Nf6 2.e5 Nd5 3.d4 d6 4.Nf3 Bg4 5.Be2 e6 6.O-O Be7 7.h3 Bh5 8.b3 dxe5
9.Nxe5 Bxe2 10.Qxe2 Nd7 11.c4 N5f6 12.Rd1  1/2-1/2

[Event "Moscow ol (Men)"]
[Site "Moscow"]
[Date "1994.??.??"]
[Round "1"]
[White "Blatny, Pavel"]
[Black "Yousif, Ammar Mohd"]
[Result "1-0"]
[WhiteElo "2485"]
[BlackElo "2205"]

1.Nf3 Nf6 2.b3 g6 3.Bb2 Bg7 4.c4 c5 5.g3 Nc6 6.Bg2 d6 7.d4 cxd4 8.Nxd4 Bd7
9.O-O O-O 10.Nc3 Qc8 11.Re1 Re8 12.e3 Bh3 13.Bh1 h5 14.Qd2 Ne5 15.Rad1 Rb8
16.Qc1 Bh6 17.f4 Nc6 18.Ncb5 a6 19.Nxc6 bxc6 20.Na7 Qg4 21.Nxc6 h4 22.Kf2 Rbc8
23.Nxe7+ Rxe7 24.Bxf6 hxg3+ 25.hxg3 Re6 26.Bb2 Bg7 27.Bf3 Qf5 28.Rd5 Bxb2
29.Qxb2 Qf6 30.Qxf6 Rxf6 31.g4 Kg7 32.Rh1 Rh8 33.Kg3  1-0

[Event "Moscow ol (Men)"]
[Site "Moscow"]
[Date "1994.??.??"]
[Round "2"]
[White "Blatny, Pavel"]
[Black "Lobron, Eric"]
[Result "0-1"]
[WhiteElo "2485"]
[BlackElo "2580"]

1.Nf3 Nf6 2.b3 g6 3.Bb2 Bg7 4.g3 d6 5.Bg2 e5 6.d3 O-O 7.c4 c5 8.O-O Nc6 9.Nc3 h6
10.e3 Bf5 11.Qd2 Qd7 12.Rfe1 Bh3 13.Bh1 Rae8 14.Rad1 Bg4 15.Qc1 Nh7 16.Ne2 Nb4
17.Qb1 Qf5 18.Nh4 Qh5 19.f3 Bc8 20.f4 g5 21.Bf3 Bg4 22.Bxg4 Qxg4 23.Ng2 f5
24.a3 Nc6 25.Kh1 Nf6 26.Ng1 Nh5 27.Ne2 Rf6 28.Rd2 Rfe6 29.Qd1 Qh3 30.Rf1 exf4
31.gxf4 Bxb2 32.Rxb2 Rxe3 33.Nxe3 Rxe3 34.Kg1 g4 35.Rf2 Nd4 36.Nxd4 cxd4
37.Qf1 Qh4 38.Rbe2 Kf7 39.c5 g3 40.Rf3 gxh2+ 41.Rxh2 Qg4+ 42.Qg2 Rxf3 43.Qxg4 fxg4
44.Rxh5 dxc5 45.Rxc5 Rxd3 46.Rc7+ Kf6 47.Rxb7 h5 48.Rh7 Kf5  0-1

[Event "Moscow ol (Men)"]
[Site "Moscow"]
[Date "1994.??.??"]
[Round "7"]
[White "Gdanski, Jacek"]
[Black "Blatny, Pavel"]
[Result "1-0"]
[WhiteElo "2505"]
[BlackElo "2485"]

1.e4 e5 2.Nf3 Nc6 3.Bb5 a6 4.Ba4 Nf6 5.O-O Be7 6.Re1 b5 7.Bb3 O-O 8.a4 Bb7
9.d3 d6 10.Bd2 Qd7 11.Na3 Nd4 12.Nxd4 exd4 13.c3 dxc3 14.bxc3 c5 15.Bc2 Rae8
16.f3 Bd8 17.Kh1 Bc7 18.Rb1 d5 19.axb5 dxe4 20.dxe4 Qd6 21.g3 Nh5 22.b6 Bb8
23.Bf4 Qxd1 24.Rexd1 Nxf4 25.gxf4 Bxf4 26.Nc4 Re7 27.Na5 Bc8 28.Nc6 Re6 29.Ba4 Rh6
30.Rb2 Rh3 31.b7 Bxb7 32.Rxb7 Rxf3 33.Kg2 Rxc3 34.Ne7+ Kh8 35.Nd5 Ra3 36.Nxf4 Rxa4
37.Rxf7 Re8 38.e5 Kg8 39.Rdd7  1-0

[Event "Moscow ol (Men)"]
[Site "Moscow"]
[Date "1994.??.??"]
[Round "10"]
[White "Nikolaidis, Ioannis"]
[Black "Blatny, Pavel"]
[Result "1/2-1/2"]
[WhiteElo "2460"]
[BlackElo "2485"]

1.Nf3 Nf6 2.g3 g6 3.Bg2 Bg7 4.O-O O-O 5.d4 d6 6.a4 c6 7.Nbd2 Qc7 8.e4 Nbd7
9.a5 e5 10.dxe5 dxe5 11.Qe2 Rb8 12.Nc4 b5 13.axb6 axb6 14.Rd1 Ne8 15.Bh3 Rb7
16.Ra8 Nb8 17.Bxc8 Qxc8 18.Ncxe5 Nf6 19.Nc4 Qg4 20.e5 Nd5 21.Rd4 Qe6 22.Rh4 Nd7
23.Nd4 Qe7 24.Rxf8+ Nxf8 25.Nxc6 Qc5 26.Nd4 Re7 27.Re4 f5 28.exf6 Rxe4 29.Qxe4 Nxf6
30.Qd3 Ng4 31.c3 Ne6 32.Be3 Nxe3 33.fxe3 Ng5 34.Nd2 Qe7 35.N2f3 Nf7 36.Kf2 Nd6
37.Nc6 Qe6 38.Ng5 Qf6+ 39.Ke2 Qxg5 40.Qxd6 Qb5+ 41.Kd1 Qxb2 42.Qe6+ Kf8 43.Qc8+ Kf7
44.Qc7+ Kg8 45.Qd8+ Kf7 46.Qd5+ Kf8 47.Qf3+ Ke8 48.Qe4+ Kd7 49.Nd4 Bxd4 50.Qxd4+ Ke6
51.h4 b5 52.g4 Qb1+ 53.Ke2 h5 54.g5 Qf5 55.Qb6+ Kd7 56.Qf6 Qg4+ 57.Kd2 Qxh4
58.Qf7+ Kd8 59.Qxg6 Qf2+ 60.Kd3 Qf1+ 61.Kc2 Qe2+ 62.Kb3 Qc4+ 63.Kb2 Qe2+
64.Kb3 Qc4+ 65.Kb2 Qe2+ 66.Kb3  1/2-1/2

[Event "Moscow ol (Men)"]
[Site "Moscow"]
[Date "1994.??.??"]
[Round "11"]
[White "Blatny, Pavel"]
[Black "Annakov, Babakuli"]
[Result "1-0"]
[WhiteElo "2485"]
[BlackElo "2350"]

1.e4 c5 2.b3 Nc6 3.Bb2 d6 4.g3 e6 5.Bg2 Nf6 6.Ne2 Be7 7.O-O O-O 8.d4 cxd4
9.Nxd4 Bd7 10.c4 a6 11.Nc3 Rc8 12.a4 Qb6 13.Nxc6 bxc6 14.a5 Qb8 15.Na4 c5
16.Nb6 Rcd8 17.Qe2 Bc6 18.e5 Bxg2 19.exf6  1-0

[Event "Moscow ol (Men)"]
[Site "Moscow"]
[Date "1994.??.??"]
[Round "12"]
[White "Blatny, Pavel"]
[Black "Supatashvili, Khvicha"]
[Result "1/2-1/2"]
[WhiteElo "2485"]
[BlackElo "2435"]

1.Nf3 Nf6 2.d4 e6 3.Bf4 b6 4.e3 Bb7 5.Bd3 c5 6.c3 Be7 7.Qe2 Nc6 8.Nbd2 O-O
9.Ng5 d5 10.Ndf3 h6 11.h4 Bd6 12.Ne5 Qc7 13.Ngf3 cxd4 14.Nxc6 Bxf4 15.exf4 Bxc6
16.Nxd4 Ba4 17.Qe5 Qd8 18.Nf3 Qe8 19.Qe2 Nd7 20.b3 Bc6 21.b4 Nf6 22.Rc1 Ne4
23.O-O Nd6 24.Nd4 Bb7 25.Rfe1 Qd8 26.Qg4 Re8 27.Re3 Ne4 28.Bxe4 dxe4 29.f5 exf5
30.Nxf5 Qf6 31.Rg3 g6 32.Nxh6+ Kh7 33.Qd7 Qe7 34.Qd2 Qf8 35.h5 e3 36.Qd4 Rad8
37.Qf6 exf2+ 38.Kh2 Qxh6 39.Qxf7+ Kh8 40.Rh3 Rf8 41.Qxb7 gxh5 42.Rf1 Rf5
43.Qe4 Rdf8 44.Qd4+ Kg8 45.a4 a5 46.bxa5 bxa5 47.c4 R8f7 48.Qd3 Qf6 49.g3 Qe5
50.Rh4 Rf3 51.Qd8+ Kh7 52.Rh3 Rg7 53.Qh4 Kh6 54.Kg2 Rf5 55.Qd8 Qe4+ 56.Kh2 Qe2
57.Kg2 Qf3+ 58.Kh2 Qe2 59.Kg2 Kh7 60.Qa8 Qxc4 61.Qe8 Qd5+ 62.Kh2 Qf3 63.Qb8 Qd3
64.Qe8 Qf3 65.Qb8 Qe4 66.Qb2 Rgf7 67.Rh4 Qd3 68.Kg2 Rg7 69.Rh3 Qf3+ 70.Kh2 Rg4
71.Qc2 h4 72.Qc7+  1/2-1/2

[Event "Moscow ol (Men)"]
[Site "Moscow"]
[Date "1994.??.??"]
[Round "14"]
[White "Van der Sterren, Paul"]
[Black "Blatny, Pavel"]
[Result "1-0"]
[WhiteElo "2605"]
[BlackElo "2485"]

1.d4 Nf6 2.c4 e6 3.Nf3 d5 4.Nc3 Bb4 5.Bg5 h6 6.Bxf6 Qxf6 7.e3 O-O 8.Rc1 dxc4
9.Bxc4 Nc6 10.O-O Bxc3 11.Rxc3 e5 12.d5 Ne7 13.Bb3 Bg4 14.Rxc7 Qd6 15.Qc2 Rac8
16.Rxc8 Rxc8 17.Qe4 Qg6 18.Qxg6 Nxg6 19.Nd2 Be2 20.Re1 Bd3 21.f3 Kf8 22.Kf2 f5
23.e4 f4 24.Bc4 Bxc4 25.Rc1 b5 26.b3 Ke7 27.bxc4 Kd6 28.Ke2 Nh4 29.Kd3 Nxg2
30.Rb1 a6 31.cxb5 axb5 32.Rxb5 Ne1+ 33.Ke2 Nc2 34.Nb3 Ra8 35.Rb6+ Ke7 36.Re6+ Kf7
37.Rxe5 Rxa2 38.Nc1 Rb2 39.Rf5+ Ke7 40.Rxf4 g5 41.d6+ Ke6 42.Rf8 Nb4+ 43.Ke3 Rxh2
44.e5 Rc2 45.Re8+ Kd7 46.Re7+ Kd8 47.Rb7 Nd5+ 48.Kd4 Nf4 49.Nb3 Ne6+ 50.Kd5 Nf4+
51.Ke4 h5 52.Kf5 h4 53.Nd4 Rc4 54.e6  1-0

[Event "Pardubice op"]
[Site "Pardubice"]
[Date "1994.??.??"]
[Round "1"]
[White "Myc, Marcin"]
[Black "Blatny, Pavel"]
[Result "0-1"]
[WhiteElo "2255"]
[BlackElo "2485"]

1.d4 Nf6 2.c4 e6 3.Nc3 d5 4.cxd5 exd5 5.Bg5 Nbd7 6.e3 Be7 7.Bd3 c6 8.Qc2 O-O
9.Nf3 Re8 10.O-O Nf8 11.h3 Nh5 12.Bxe7 Rxe7 13.b4 Nf6 14.b5 cxb5 15.Bxb5 Be6
16.Rfc1 Rc8 17.Qb2 Qa5 18.Bd3 Rec7 19.Ne2 Rxc1+ 20.Rxc1 Rxc1+ 21.Nxc1 Qc7
22.Ne2 Ne8 23.Qa3 b6 24.Nc3 Nd6 25.Ng5 Nc4 26.Nxe6 fxe6 27.Qb4 a5 28.Qb3 Nd6
29.f3 Nf7 30.Na4 Nd7 31.Bb5 Nf6 32.Qc3 Qxc3 33.Nxc3 Kf8 34.Kf2 Ke7 35.e4 dxe4
36.fxe4 e5 37.Ke3 g5 38.Na4 exd4+ 39.Kxd4 Nxe4 40.Nxb6 Ned6 41.Bd3 h5 42.Bg6 h4
43.a4 Nd8 44.Ke5 Nc6+ 45.Kd5 Nb4+ 46.Kc5 Ke6 47.Bh7 Na6+ 48.Kd4 Nf5+ 49.Kc4 Nd6+
50.Kd4 Nf5+ 51.Kc4 Ne3+ 52.Kb5 Nc7+ 53.Kc6 Ne8 54.Be4 Ke5 55.Bf3 Kf4 56.Kb5 Kg3
57.Kxa5 Nxg2 58.Bg4 Ne3 59.Be6 Nc7 60.Nc4 Nxe6 61.Nxe3 Nc5 62.Kb5 Nxa4 63.Kxa4 Kxh3
64.Kb4 g4 65.Kc4 g3  0-1

[Event "Pardubice op"]
[Site "Pardubice"]
[Date "1994.??.??"]
[Round "2"]
[White "Blatny, Pavel"]
[Black "Shushpanov, Vladimir"]
[Result "1-0"]
[WhiteElo "2485"]
[BlackElo "2350"]

1.e4 c5 2.b3 e6 3.Bb2 Nc6 4.Nf3 Nf6 5.e5 Nd5 6.g3 Be7 7.Bg2 O-O 8.O-O d6
9.c4 Ndb4 10.exd6 Qxd6 11.Nc3 Rd8 12.d4 Nxd4 13.Nxd4 cxd4 14.Nb5 Qb8 15.Nxd4 Bf6
16.Re1 h6 17.Qd2 a5 18.a3 Nc6 19.Bxc6 bxc6 20.Qe3 Qb6 21.c5 Qxc5 22.Rac1 Qd5
23.Nxc6 Re8 24.Rc5 Qd6 25.Bxf6 gxf6 26.Rh5 Qf8 27.Nxa5 f5 28.b4 Rd8 29.Rxh6 Rd3
30.Qxd3 Qxh6 31.Rd1 Qh5 32.Rc1 Kh7 33.Qd1 Qg5 34.Rc7 Kg6 35.Nc4 Qf6 36.f4 Ba6
37.Ne5+  1-0

[Event "Pardubice op"]
[Site "Pardubice"]
[Date "1994.??.??"]
[Round "4"]
[White "Blatny, Pavel"]
[Black "Buturin, Vladimir"]
[Result "1-0"]
[WhiteElo "2485"]
[BlackElo "2400"]

1.Nf3 d5 2.b3 Nf6 3.Bb2 g6 4.c4 c6 5.g3 Bg7 6.Bg2 O-O 7.O-O a5 8.d3 a4 9.Qc1 axb3
10.axb3 Na6 11.Nbd2 Bd7 12.Bc3 Qc8 13.Re1 Bh3 14.Bh1 h6 15.b4 Nc7 16.Rxa8 Qxa8
17.Qb2 dxc4 18.dxc4 Rd8 19.Nb3 Nce8 20.Nc5 Nd6 21.Nd2 Qc8 22.e4 b6 23.Na4 Nxc4
24.Nxc4 b5 25.e5 Ne8 26.Na5 bxa4 27.Nxc6 Rd7 28.b5 Be6 29.Qb4 Bb3 30.b6 e6
31.Bd4 Bf8 32.Bc5 Bd5 33.Bxd5 exd5 34.Bxf8 Qxc6 35.Bxh6 Ng7 36.Rc1 Qb7 37.Bg5 d4
38.Qxa4 d3 39.Qc6 Ne6 40.Be3 Kg7 41.Qxb7 Rxb7 42.Kf1  1-0

[Event "Pardubice op"]
[Site "Pardubice"]
[Date "1994.??.??"]
[Round "6"]
[White "Blatny, Pavel"]
[Black "Mikac, Matjaz"]
[Result "1-0"]
[WhiteElo "2485"]
[BlackElo "2430"]

1.Nf3 d6 2.d3 g6 3.g3 Bg7 4.Bg2 c5 5.O-O Nc6 6.c4 a6 7.Nc3 Rb8 8.a4 Nf6 9.h3 O-O
10.Be3 e5 11.Kh2 h6 12.Rb1 Bd7 13.Ne1 Nd4 14.Bd2 Bc6 15.e3 Ne6 16.Nd5 Bxd5
17.cxd5 Nc7 18.e4 b6 19.Nc2 Nd7 20.Ne3 h5 21.Nc4 Qe7 22.f4 h4 23.f5 hxg3+
24.Kh1 Nf6 25.Bg5 Qd7 26.Ne3 Nh5 27.f6 Bh8 28.Nf5 Bxf6 29.Nh6+ Kh7 30.Rxf6 Ne8
31.Ng4  1-0

[Event "World op"]
[Site "Philadelphia"]
[Date "1994.??.??"]
[Round "?"]
[White "Blatny, Pavel"]
[Black "Valvo, Michael J"]
[Result "1-0"]
[WhiteElo "2525"]
[BlackElo "2365"]

1.Nf3 d6 2.d4 f5 3.c4 Nf6 4.Nc3 g6 5.g3 Bg7 6.Bg2 O-O 7.O-O c6 8.Qc2 Qc7
9.b3 e5 10.dxe5 dxe5 11.e4 Na6 12.Ba3 Re8 13.Rad1 Qa5 14.Bd6 Nc5 15.Nd2 Bf8
16.Bxf8 Kxf8 17.exf5 gxf5 18.Nf3 e4 19.Nh4 f4 20.gxf4 Qc7 21.Qd2 Bg4 22.f3 exf3
23.Bxf3 Rad8 24.Qg2 Rxd1 25.Nxd1 Bxf3 26.Nxf3 Re4 27.Qg5 Qe7 28.Nf2 Re2 29.Nd4 Rxf2
30.Rxf2 Qe1+ 31.Kg2 Qxf2+ 32.Kxf2 Nfe4+ 33.Ke3 Nxg5 34.fxg5 Kf7 35.b4 Nd7
36.c5 Ne5 37.Ke4 Nc4 38.Nf3 Ke6 39.h4 Ke7 40.h5 Ke6 41.h6  1-0

[Event "World op"]
[Site "Philadelphia"]
[Date "1994.??.??"]
[Round "?"]
[White "Shapiro, Daniel E"]
[Black "Blatny, Pavel"]
[Result "0-1"]
[WhiteElo "2310"]
[BlackElo "2525"]

1.d4 Nf6 2.Nf3 d6 3.c4 g6 4.Nc3 Bf5 5.Nh4 Bd7 6.g3 e5 7.Nf3 Nc6 8.Bg2 Bg7
9.O-O O-O 10.Re1 h6 11.d5 Ne7 12.Rb1 a5 13.b3 Nh7 14.a3 f5 15.b4 axb4 16.axb4 g5
17.c5 Ng6 18.Qb3 g4 19.Nd2 Ng5 20.Nc4 Qf6 21.cxd6 cxd6 22.Nb6 Rad8 23.Nxd7 Rxd7
24.Bxg5 hxg5 25.Rbc1 Rff7 26.f3 gxf3 27.exf3 Bf8 28.b5 Rh7 29.Qc2 Rc7 30.Qd3 e4
31.fxe4 Ne5 32.Qd2 f4 33.b6 Rcf7 34.Rf1 f3 35.Rf2 g4 36.Re1 Bh6 37.Qd4 Bf4
38.Bf1 Bxg3 39.hxg3 Qh6 40.Rh2  0-1